Bhagavad Gita the Song of God (Record no. 13900)

MARC details
000 -LEADER
fixed length control field 00414nam a22001697a 4500
003 - CONTROL NUMBER IDENTIFIER
control field OSt
008 - FIXED-LENGTH DATA ELEMENTS--GENERAL INFORMATION
fixed length control field 260325b |||||||| |||| 00| 0 eng d
020 ## - INTERNATIONAL STANDARD BOOK NUMBER
International Standard Book Number 9789355204455
082 ## - DEWEY DECIMAL CLASSIFICATION NUMBER
Classification number 294.5924 MUB
100 ## - MAIN ENTRY--PERSONAL NAME
Personal name MUKUNDANANDA,Swami
245 ## - TITLE STATEMENT
Title Bhagavad Gita the Song of God
250 ## - EDITION STATEMENT
Edition statement 7th IMP
260 ## - PUBLICATION, DISTRIBUTION, ETC. (IMPRINT)
Place of publication, distribution, etc New Delhi
Name of publisher, distributor, etc Rupa Publications
Date of publication, distribution, etc 2025
300 ## - PHYSICAL DESCRIPTION
Extent 876p
942 ## - ADDED ENTRY ELEMENTS (KOHA)
Source of classification or shelving scheme Dewey Decimal Classification
Koha item type Reference Books
Holdings
Withdrawn status Lost status Source of classification or shelving scheme Damaged status Not for loan Collection code Home library Current library Date acquired Source of acquisition Currency Cost, normal purchase price Bill Number Total Checkouts Full call number Acc. no. / Barcode Date last seen Actual Cost, discounted price Bill Date Koha item type
    Dewey Decimal Classification     Book Club and Indian Knowledge System PIET C-LIBRARY PIET C-LIBRARY 16/03/2026 Zafaa Books and Distributors INR 895.00 ZBD0499   294.5924 MUB K188 25/03/2026 671.25 16/03/2026 Reference Books
    Dewey Decimal Classification     IKS- Indian Knowledge System PIET C-LIBRARY PIET C-LIBRARY 23/03/2026 Zafaa Books and Distributors INR 895.00 ZBD0591   294.5924 MUB 39986 28/03/2026 671.25 23/03/2026 Text Books

Design & Developed by: PIET Central Library
R70 Miles Stone Pattikalyana Samalkha Panipat 132102
mail ID :- [email protected], Phone No:- 0180-2569700 Ex.216